000 00819nam a22002417a 4500
003 UA-OsUOA
001 46884
007 ta
008 20120516b un ||||| |||| 00| 0 ukr d
100 _aМарунчак М.
090 _a01
_bМ29
942 _cBK
040 _aUA-OsUOA
_bukr
_cUA-OsUOA
_dUA-OsUOA
245 _aМаркіян Шашкевич. Біо-бібліографічний покажчик
300 _a206 с.
955 _a1
041 _aukr
080 _a01
260 _aВінніпег
_bІнститут-заповідник Маркіяна Шашкевича
_c1989
650 7 _a01 Бібліографія і бібліографії. Каталоги
_2UDC
999 _c426987
_d426987